| 000 | 00894nam a22002775a 4500 | ||
|---|---|---|---|
| 005 | 20160320121310.0 | ||
| 008 | 160320s2013 ii a frbd 001 0 eng d | ||
| 020 | _a9788123923000 | ||
| 040 |
_aEG-ScBUE _beng _cEG-ScBUE |
||
| 082 | 0 | 4 |
_a614.1 _bMOH _222 |
| 100 | 1 |
_aMohanta, Guru Prasad. _939587 |
|
| 245 | 1 | 0 |
_aTextbook of forensic pharmacy / _cGuru prasad Mohanta. |
| 246 | 3 | _aForensic pharmacy | |
| 250 | _a1st ed. | ||
| 260 |
_aNew Delhi : _bCBS Publishers & Distributors Pvt. Ltd., _c2013. |
||
| 300 |
_axv, 224 p. : _bill. ; _c24 cm. |
||
| 500 | _aIndex : p. 219-224. | ||
| 500 | _aIncludes glossary. | ||
| 504 | _aBibliography : p. 217-218. | ||
| 521 | _aFor pharmacy students and professionals. | ||
| 650 | 7 |
_aMedical jurisprudence. _2BUEsh _939591 |
|
| 650 | 0 |
_aPharmacy _xLaw and legislation. _2BUEsh _939593 |
|
| 651 | _2BUEsh | ||
| 653 |
_bPPhrm _cMarch2016 |
||
| 942 | _2ddc | ||
| 999 |
_c21447 _d21419 |
||